Biblioteca y Centro de Documentación

Listas de ratificaciones por convenio y por país (Registro nro. 9777)

Detalles MARC
000 -CABECERA
Longitud fija campo de control 01439nam a2200361 c 4500
001 - NÚMERO DE CONTROL
Número de control 9777
003 - IDENTIFICADOR DE NÚMERO DE CONTROL
Identificador del número de control ES-MaCES
005 - FECHA Y HORA DE LA ÚLTIMA TRANSACCIÓN
Fecha y hora de la última transacción 20180131142512.0
008 - CAMPO FIJO DE DESCRIPCIÓN FIJA--INFORMACIÓN GENERAL
Códigos de información de longitud fija   991122s1999 sz t i100 | spa d
020 ## - ISBN (INTERNATIONAL STANDARD BOOK NUMBER)
Número Internacional Normalizado para Libros (ISBN) 9223108098
035 ## - NÚMERO DE CONTROL DEL SISTEMA
Número de control del sistema CES19990017985m
040 ## - FUENTE DE CATALOGACIÓN
Centro catalogador de origen ES-MaCES
Lengua de catalogación spa
Centro transcriptor ES-MaCES
111 2# - ENCABEZAMIENTO PRINCIPAL--NOMBRE DE REUNIÓN
Nombre de congreso o jurisdicción como elemento de entrada Conferencia Internacional del Trabajo
Unidad subordinada Reunión
Número del congreso o número de parte o sección de la obra 87ª
Fecha del congreso 1999
Sede del congreso Ginebra
9 (RLIN) 282
245 10 - MENCIÓN DE TÍTULO
Título Listas de ratificaciones por convenio y por país
Resto del título : (al 31 de diciembre de 1998)
Mención de responsabilidad, etc. Conferencia Internacional del Trabajo, 87ª Reunión, 1999
250 ## - MENCIÓN DE EDICIÓN
Mención de edición 1ª ed.
260 ## - PUBLICACIÓN, DISTRIBUCIÓN, ETC (PIE DE IMPRENTA)
Lugar de publicación, distribución, etc. Ginebra
Nombre del editor, distribuidor, etc. Oficina Internacional del Trabajo
Fecha de publicación, distribución, etc. 1999
300 ## - DESCRIPCIÓN FÍSICA
Extensión 254 p.
Dimensiones 24 cm
500 ## - NOTA GENERAL
Nota general En la port., además: Informe III, (Parte 2), tercer punto del orden del día : Informaciones y memorias sobre la aplicación de convenios y recomendaciones
541 ## - NOTA DE LA FUENTE INMEDIANTE DE ADQUISICIÓN
Forma de adquisición Suscripción conjunta
650 #4 - ASIENTO SECUNDARIO DE MATERIA--TÉRMINO DE MATERIA
Término de materia o nombre geográfico como elemento inicial Convenio de la OIT
9 (RLIN) 29026
650 #4 - ASIENTO SECUNDARIO DE MATERIA--TÉRMINO DE MATERIA
Término de materia o nombre geográfico como elemento inicial país
9 (RLIN) 26788
650 #4 - ASIENTO SECUNDARIO DE MATERIA--TÉRMINO DE MATERIA
Término de materia o nombre geográfico como elemento inicial ratificación
9 (RLIN) 29905
650 #4 - ASIENTO SECUNDARIO DE MATERIA--TÉRMINO DE MATERIA
Término de materia o nombre geográfico como elemento inicial 1998
9 (RLIN) 31169
650 #4 - ASIENTO SECUNDARIO DE MATERIA--TÉRMINO DE MATERIA
Término de materia o nombre geográfico como elemento inicial informe
9 (RLIN) 28986
650 #4 - ASIENTO SECUNDARIO DE MATERIA--TÉRMINO DE MATERIA
Término de materia o nombre geográfico como elemento inicial pub OIT
9 (RLIN) 29033
653 10 - TÉRMINO DE INDEXACIÓN--NO CONTROLADO
Término no controlado Relaciones laborales-Empleo
787 0# - ENTRADA DE OTRAS ESPECIFICACIONES
Título Listas de ratificaciones por convenio y por país
Número de control del registro relacionado (ES-MaCES)10982
787 0# - ENTRADA DE OTRAS ESPECIFICACIONES
Título Listas de ratificaciones por convenio y por país
Número de control del registro relacionado (ES-MaCES)7132
710 2# - ENCABEZAMIENTO SECUNDARIO--NOMBRE CORPORATIVO
9 (RLIN) 4718
Nombre de entidad o nombre de jurisdicción como elemento inicial Organización Internacional del Trabajo
Término indicativo de función ed.
902 ## - CES. TIPO DE DOCUMENTO
Tipodoc (006$c Sirtex) LIB Libro
942 ## - ELEMENTOS KOHA
Fuente de clasificaión o esquema Clasificación propia del CES
Koha [por defecto] tipo de item Monografías
Parte de clasificación 2.0.
Existencias
Número de registro Signatura completa Tipo de item de Koha
033120 DPT-4489 Monografías
© CES, Consejo Económico y Social de España 2021